<?xml version="1.0" encoding="UTF-8"?><?xml-stylesheet type="text/xsl" href="static/style.xsl"?><OAI-PMH xmlns="http://www.openarchives.org/OAI/2.0/" xmlns:xsi="http://www.w3.org/2001/XMLSchema-instance" xsi:schemaLocation="http://www.openarchives.org/OAI/2.0/ http://www.openarchives.org/OAI/2.0/OAI-PMH.xsd"><responseDate>2026-07-01T11:12:06Z</responseDate><request verb="GetRecord" identifier="oai:riubu.ubu.es:10259/7785" metadataPrefix="marc">https://riubu.ubu.es/oai/request</request><GetRecord><record><header><identifier>oai:riubu.ubu.es:10259/7785</identifier><datestamp>2023-09-25T09:43:07Z</datestamp><setSpec>com_10259_2699</setSpec><setSpec>col_10259_6582</setSpec></header><metadata><record xmlns="http://www.loc.gov/MARC21/slim" xmlns:doc="http://www.lyncode.com/xoai" xmlns:xsi="http://www.w3.org/2001/XMLSchema-instance" xmlns:dcterms="http://purl.org/dc/terms/" xsi:schemaLocation="http://www.loc.gov/MARC21/slim http://www.loc.gov/standards/marcxml/schema/MARC21slim.xsd">
<leader>00925njm 22002777a 4500</leader>
<datafield tag="042" ind1=" " ind2=" ">
<subfield code="a">dc</subfield>
</datafield>
<datafield tag="720" ind1=" " ind2=" ">
<subfield code="a">Checa Cruz, David</subfield>
<subfield code="e">author</subfield>
</datafield>
<datafield tag="260" ind1=" " ind2=" ">
<subfield code="c">2022</subfield>
</datafield>
<datafield tag="520" ind1=" " ind2=" ">
<subfield code="a">La reciente democratización de las herramientas de software y hardware de realidad virtual inmersiva (iVR) sugiere un futuro muy prometedor en su aplicación en la mejora del aprendizaje. Sin embargo, aún queda mucho camino por recorrer para determinar cómo se puede utilizar y hasta qué punto puede la iVR alcanzar su potencial como herramienta educativa. En esta Tesis Doctoral se presentan tres trabajos publicados que informan de los resultados de la investigación sobre la tecnología iVR y su uso como herramienta de aprendizaje en estudiantes universitarios. Estas experiencias demuestran que la iVR mejora la satisfacción de los estudiantes con el proceso de aprendizaje; proporciona ventajas significativas en comparación con otras metodologías para la absorción de conocimientos visuales; mejora ligeramente la adquisición de conocimientos teóricos; y es especialmente adecuada para el desarrollo de la comprensión de los diferentes conceptos y sus conexiones.</subfield>
</datafield>
<datafield tag="520" ind1=" " ind2=" ">
<subfield code="a">The widespread availability on the market of affordable software and hardware tools designed for immersive virtual reality (iVR) experiences nowadays could suggest a very promising future for enhanced learning. However, there is still a long way to go to determine how iVR can be used and to what extent it can reach its potential as an educational tool. Three published papers are presented in this PhD Thesis that report the results of research into iVR technology and its use as a learning tool at undergraduate level. These experiences demonstrate that iVR improves student satisfaction with the learning process; provides significant advantages compared to other methodologies for the absorption of visual knowledge; slightly improves acquisition of theoretical knowledge; and is especially suitable for the development of an understanding of the different concepts and their connections.</subfield>
</datafield>
<datafield tag="024" ind2=" " ind1="8">
<subfield code="a">http://hdl.handle.net/10259/7785</subfield>
</datafield>
<datafield tag="024" ind2=" " ind1="8">
<subfield code="a">10.36443/10259/7785</subfield>
</datafield>
<datafield ind1=" " ind2=" " tag="653">
<subfield code="a">Realidad virtual</subfield>
</datafield>
<datafield ind1=" " ind2=" " tag="653">
<subfield code="a">Entornos inmersivos</subfield>
</datafield>
<datafield ind1=" " ind2=" " tag="653">
<subfield code="a">Juego educativo</subfield>
</datafield>
<datafield ind1=" " ind2=" " tag="653">
<subfield code="a">e-Learning</subfield>
</datafield>
<datafield ind1=" " ind2=" " tag="653">
<subfield code="a">Aprendizaje activo</subfield>
</datafield>
<datafield ind1=" " ind2=" " tag="653">
<subfield code="a">Head mounted display</subfield>
</datafield>
<datafield ind1=" " ind2=" " tag="653">
<subfield code="a">Virtual reality</subfield>
</datafield>
<datafield ind1=" " ind2=" " tag="653">
<subfield code="a">Immersive environments</subfield>
</datafield>
<datafield ind1=" " ind2=" " tag="653">
<subfield code="a">Educational game</subfield>
</datafield>
<datafield ind1=" " ind2=" " tag="653">
<subfield code="a">Active learning</subfield>
</datafield>
<datafield tag="245" ind1="0" ind2="0">
<subfield code="a">Advantages and limitations of immerisve virtual reality educational applications in learning</subfield>
</datafield>
</record></metadata></record></GetRecord></OAI-PMH>